Online
Catalog

Ciencia y tecnología en la historia dominicana / (Record no. 7037)

MARC details
000 -CABECERA
campo de control de longitud fija 01571nam a2200265 a 4500
001 - NÚMERO DE CONTROL
campo de control 000007256
005 - FECHA Y HORA DE LA ÚLTIMA TRANSACCIÓN
campo de control 20200929154118.0
008 - DATOS DE LONGITUD FIJA--INFORMACIÓN GENERAL
campo de control de longitud fija 090907s1995 dr d r 001 0 spa d
020 ## - NÚMERO INTERNACIONAL ESTÁNDAR DEL LIBRO
Número Internacional Estándar del Libro 8489539103
040 ## - FUENTE DE LA CATALOGACIÓN
Centro catalogador/agencia de origen DO-SdBNP
Lengua de catalogación spa
Centro/agencia transcriptor BNPHU
082 ## - NÚMERO DE LA CLASIFICACIÓN DECIMAL DEWEY
Número de clasificación 509.7293
Número de documento/Ítem M181c
100 1# - ENTRADA PRINCIPAL--NOMBRE DE PERSONA
Nombre de persona Morrison, Ramón
9 (RLIN) 17447
245 10 - MENCIÓN DE TÍTULO
Título Ciencia y tecnología en la historia dominicana /
Mención de responsabilidad, etc. Ramón Morrison, Nicolás Madé Serrano.
260 ## - PUBLICACIÓN, DISTRIBUCIÓN, ETC.
Lugar de publicación, distribución, etc. Santo Domingo :
Nombre del editor, distribuidor, etc. Colorscan,
Fecha de publicación, distribución, etc. 1995.
300 ## - DESCRIPCIÓN FÍSICA
Extensión 277 p. :
Otras características físicas gráf. ;
Dimensiones 23 cm.
500 ## - NOTA GENERAL
Nota general Incluye Incluye datos biográficos de los autores en las solapas
500 ## - NOTA GENERAL
Nota general Incluye referencias bibliográficas y notas al pie de las páginas
504 ## - NOTA DE BIBLIOGRAFÍA, ETC.
Nota de bibliografía, etc. Bibliografia: p. 261-276
505 2# - NOTA DE CONTENIDO CON FORMATO
Nota de contenido con formato Visión sistémica de la ciencia y la tecnología en la historia -- Ciencia y tecnología en España antes del encuentro de las dos culturas -- Cosmología y sistema tecnológico en la sociedad Taína -- Encuentro de las dos culturas predominantes -- Ciencia y tecnología desde los Jerónimos hasta la revolución de los precios -- España y las fronteras de la tecnología -- Giro en el Sistema Tecnológico -- España y las fronteras de la ciencia -- Los naturalistas y las universidades en la Isla Española -- Ciencia y tecnología en la culminación de los precedentes republicanos
590 ## - NOTA LOCAL (RLIN)
Nota local Inventariado, 2019/MFF
650 #4 - PUNTO DE ACCESO ADICIONAL DE MATERIA--TÉRMINO DE MATERIA
Término de materia o nombre geográfico como elemento de entrada Tecnología
Subdivisión geográfica República Dominicana
Subdivisión general Historia
9 (RLIN) 20141
650 #4 - PUNTO DE ACCESO ADICIONAL DE MATERIA--TÉRMINO DE MATERIA
Término de materia o nombre geográfico como elemento de entrada Ciencia
Subdivisión geográfica República Dominicana
Subdivisión general Historia
9 (RLIN) 20142
700 1# - PUNTO DE ACCESO ADICIONAL--NOMBRE DE PERSONA
Nombre de persona Madé Serrano, Nicolás
9 (RLIN) 11801
910 ## - DATOS DE OPCIÓN DEL USUARIO (OCLC)
Datos de opción del usuario Validado. Control de calidad MFF
Holdings
Estado de retiro Estado de pérdida Restricciones de uso No para préstamo Código de colección Localización permanente Ubicación/localización actual Ubicación en estantería Fecha de adquisición Número de inventario Total de préstamos Signatura topográfica completa Código de barras Fecha visto por última vez Número de copia Precio válido a partir de Tipo de ítem Koha
        Dominicana de Servicio General General Depósito 07.09.2009 LF1   509.7293 M181c 7256-30 25.06.2020 e. 3 25.06.2020 Libro y Folleto Colección Dominicana de Servicio
        Dominicana de Servicio General General Depósito 07.09.2009 LF1   509.7293 M181c 7256-40 25.06.2020 e. 4 25.06.2020 Libro y Folleto Colección Dominicana de Servicio
        Dominicana de Servicio General General Depósito 07.09.2009 LF1   509.7293 M181c 7256-50 25.06.2020 e. 5 25.06.2020 Libro y Folleto Colección Dominicana de Servicio
      Excluido de préstamo Patrimonio Dominicano Patrimonio Dominicano Patrimonio Dominicano Depósito 07.09.2009 LF1   509.7293 M181c 7256-10 25.06.2020   25.06.2020 Libro y Folleto Colección Patrimonio Dominicano
      Excluido de préstamo Patrimonio Dominicano Patrimonio Dominicano Patrimonio Dominicano Depósito 07.09.2009 LF1   509.7293 M181c 7256-20 25.06.2020 e. 2 25.06.2020 Libro y Folleto Colección Patrimonio Dominicano

Powered by Koha